Statistics for Jet Set Radio Future characters

Click here to take the quiz!

General Stats

  • This quiz has been taken 33 times
  • The average score is 16 of 24

Answer Stats

HintAnswer% Correct
Beat
100%
Yoyo
96%
Gum
96%
Corn
91%
Cube
74%
Poison Jam
70%
Combo
70%
Goji Rokkaku
70%
Love Shockers
70%
Potts
70%
Garam
65%
Boogie
65%
Zero Beat
61%
Noise Tanks
61%
Roboy
61%
Jazz
57%
Soda
57%
Immortals
52%
Doom Riders
52%
Rhyth
52%
A.KU.MU
52%
NT-3000
48%
Rapid 99
48%
Clutch
48%

Score Distribution

Percentile by Number Answered

Percent of People with Each Score

Your Score History

You have not taken this quiz